Normal view MARC view

Entry Personal Name

Number of records used in: 1

001 - CONTROL NUMBER

  • control field: 581

003 - CONTROL NUMBER IDENTIFIER

  • control field: csc

005 - DATE AND TIME OF LATEST TRANSACTION

  • control field: 20140507162051.0

008 - FIXED-LENGTH DATA ELEMENTS

  • fixed length control field: 130215|| aca||aabn | a|a d

040 ## - CATALOGING SOURCE

  • Original cataloging agency: csc
  • Transcribing agency: csc

100 ## - HEADING--PERSONAL NAME

  • Personal name: Beckett, Samuel,
  • Dates associated with a name: 1906-1989
  • Form subdivision: Translations into English.

670 ## - SOURCE DATA FOUND

  • Source citation: Work cat.: (csc)26: Beckett, Samuel, 1906-1989. 923, Samuel Beckett: the complete short prose, 1929-1989 /, c1995.